Nebojte sa kritiky

Pojem kritika. Konštruktívna kritika. Pravidlá kritiky.

Gespeichert in:
Bibliographische Detailangaben
1. Verfasser: Kopčíková, Mária
Format: Buchkapitel
Sprache:Slowakisch
Schlagworte:
Tags: Tag hinzufügen
Keine Tags, Fügen Sie das erste Tag hinzu!

MARC

LEADER 00000naa a2200000 4500
001 0174049
005 20231120124515.7
041 0 |a slo 
044 |a SK 
245 1 0 |a Nebojte sa kritiky  |c Mária Kopčíková 
520 |a Pojem kritika. Konštruktívna kritika. Pravidlá kritiky. 
610 2 0 |a manažéri 
610 2 0 |a kritika 
610 2 0 |a vzťahy pracovné 
610 2 0 |a kompetencie 
610 2 0 |a emócie 
610 2 0 |a empatia 
100 1 |a Kopčíková, Mária